000 00709cab a2200241 4500
001 WB3140-25
008 090401t1995 xxu||||| |||| 00| 0 eng d
035 _a(Sirsi) u9125
041 _aeng
245 _aWayleave rental payments
260 _c1995
350 _a0
490 _aEstates and Wayleaves Committee Press Release
_v26 October 1995, (2)
520 _aSchedule of wayleave payments, applicable from 1 December 1995, agreed by electricity companies, the NFU and CLA.
650 _aELECTRICITY PYLONS
650 _aOVERHEAD POWER LINES
650 _aSCHEDULE OF RATES
650 _aWAYLEAVE PAYMENTS
690 _aLAND
690 _aRURAL PRACTICE
942 _n0
948 _c04/03/1997
999 _c5658
_d5658